| 000 | 00000nam##2200000za#4500 |
| 001 | 9.580882 |
| 003 | CaOODSP |
| 005 | 20210624191244 |
| 007 | cr ||||||||||| |
| 008 | 150406|2002||||xxc|||||o f|0| 0 eng|d |
| 040 | |aCaOODSP|beng |
| 043 | |an-cn--- |
| 086 | 1 |aRv55-5/11-4-26-2002E-PDF |
| 110 | 2 |aCanada Border Services Agency. |
| 245 | 10|aUniform regulations - Chapter V of the Canada-Costa Rica Free Trade Agreement (CCRFTA) |h[electronic resource] |
| 260 | |aOttawa - Ontario : |bCanada Border Services Agency |
| 300 | |a11p. |
| 490 | 1 |aCustoms D memoranda. D11, General tariff information |vD11-4-26, December 30, 2002 |
| 590 | |a14-17-Supp|b2014-10-09 |
| 775 | 08|tRéglementation uniforme - Chapitre V de l'Acord de libre-échange entre le Canada et le Costa Rica (ALECCR) |w(CaOODSP)9.607818 |
| 830 | #0|aCustoms D memoranda. D11, General tariff information ;|vD11-4-26, December 30, 2002|w(CaOODSP)9.816825 |
| 856 | 40|ahttp://publications.gc.ca|qPDF|s1139 KB|uhttps://publications.gc.ca/collections/collection_2014/asfc-cbsa/Rv55-5-11-4-26-2002-eng.pdf|yD11-4-26, December 30, 2002 |